Name a Valid Tom Clancy's Rainbow Six Siege Operator by Letter - Statistics

General Stats
  • This quiz has been taken 1,748 times
    818 since last reset
  • The average score is 19 of 23
Answer Stats
Letter Operators % Correct
A Ace | Alibi | Amaru | Aruni | Ash | Azami
99%
B Bandit | Blackbeard | Blitz | Brava | Buck
97%
C Capitão | Castle | Caveira | Clash
95%
D Deimos | Doc | Dokkaebi
93%
F Fenrir | Finka | Flores | Frost | Fuze
90%
E Echo | Ela
88%
G Glaz | Goyo | Gridlock | Grim
86%
K Kaid | Kali | Kapkan
85%
M Maestro | Maverick | Melusi | Mira | Montagne | Mozzie | Mute
85%
J Jackal | Jäger
83%
I Iana | IQ
82%
L Lesion | Lion
79%
N Nøkk | Nomad
78%
T Tachanka | Thatcher | Thermite | Thorn | Thunderbird | Tubarão | Twitch
77%
H Hibana
76%
S Sens | Sentry | Skopós | Sledge | Smoke | Solis | Striker
76%
O Oryx | Osa
75%
R Ram | Rauora | Recruit | Rook
75%
W Wamai | Warden
74%
V Valkyrie | Vigil
68%
Z Zero | Zofia
68%
Y Ying
66%
P Pulse
57%
No matching quizzes found
Score Distribution
Percent of People with Each Score
Percentile by Number Answered
Your Score History
You have not taken this quiz since the last reset